000 00478ntaaa2200193 4500
003 01
005 20251027200932.0
008 0714s1973 ag 01
040 _aAR-BaBN
_bspa
_cAR-BaBN
_eaacr
_dRIC
082 _a231.73 L58
100 _aLewis, C. S.
_92538
245 _aMiracles /
_cC. S. Lewis
250 _a1 ed.
260 _aLondon :
_bCollins,
_c1947
300 _a190 p
500 _aUn estudio preliminar sobre los milagros
650 _aMilagros
_94358
942 _cBK
999 _c3351
_d3351